Ambiguity related to gender-based violence in the Hungarian Police's communication

Bibliográfiai részletek
Szerző: Retkes Sára Mária
További közreműködők: Krasztev Dr. Péter Lajos
Dokumentumtípus: TDK dolgozat
Kulcsszavak:21th century
analysis
case studies
communication
gender
Online Access:http://dolgozattar.uni-bge.hu/60478

MARC

LEADER 00000nta a2200000 i 4500
001 dolg60478
005 20260416073754.0
008 260416suuuu hu o 000 eng d
040 |a BGE Dolgozattár Repozitórium  |b hun 
041 |a en 
100 1 |a Retkes Sára Mária 
245 1 0 |a Ambiguity related to gender-based violence in the Hungarian Police's communication  |c Retkes Sára Mária  |h [elektronikus dokumentum] 
516 |a Students_Scientific_Association_paper 
520 3 |a This research investigates how the Hungarian Police communicates about gender-based violence (GBV) and whether institutional ambiguity, partially influenced by politicised discourse around gender issues, extends into their crisis communication. The study is situated in a context where debates about women’s rights and gender equality have been reframed as ideological conflicts, especially through the politicisation of the Istanbul Convention. This environment has created uncertainty about the understanding of GBV as a human rights issue, replacing accountability with political rhetoric. The paper’s central purpose is therefore to determine whether the ambiguity present in political narratives also visible in the communication practices of the Hungarian Police when talking about GBV cases. 
695 |a 21th century 
695 |a analysis 
695 |a case studies 
695 |a communication 
695 |a gender 
700 1 |a Krasztev Dr. Péter Lajos  |e ths 
856 4 0 |u http://dolgozattar.uni-bge.hu/60478/1/SSAPAPER.pdf  |z Dokumentum-elérés 
856 4 0 |u http://dolgozattar.uni-bge.hu/60478/2/AUTHORSCONSENTFORM.pdf  |z Dokumentum-elérés 
856 4 0 |u http://dolgozattar.uni-bge.hu/60478/3/SSAResume.pdf  |z Dokumentum-elérés 
856 4 0 |u http://dolgozattar.uni-bge.hu/60478/4/SSAResume.docx  |z Dokumentum-elérés 
856 4 0 |u http://dolgozattar.uni-bge.hu/60478/5/Eval_Retkes.pdf  |z Dokumentum-elérés 
856 4 0 |u http://dolgozattar.uni-bge.hu/60478/6/S%C3%A1ra%20M%C3%A1ria%20Retkes.pdf  |z Dokumentum-elérés